000 00778cam a2200205 a 4500
999 _c26619
_d26619
008 120517s2012 enka b 001 0 eng
020 _a9780749466251
_cRs895.00
041 0 _aeng
082 0 0 _223
_a658.70286
_bM1586
245 0 0 _aGreen logistics :
_bimproving the environmental sustainability of logistics /
_cedited by Alan McKinnon, Michael Browne, and Anthony Whiteing.
250 _a2nd ed.
260 _aLondon ;
_aPhiladelphia :
_bKogan Page,
_cc2012.
300 _axiv, 377 p. :
_bill. ;
_c24 cm.
504 _aIncludes bibliographical references and index.
650 0 _aBusiness logistics
_xEnvironmental aspects.
700 1 _aMcKinnon, Alan C.,
_d1953-
_eeditor
700 1 _aBrowne, Michael
_eeditor
700 1 _aWhiteing, Anthony E.,
_d1954-
_eeditor
942 _cBK